[Event "Valladolid Amateur op 4th"]
[Site "Valladolid"]
[Date "2013.08.03"]
[Round "5"]
[White "Manchon Estevez, Pascual Arturo"]
[Black "Gamboa Torres, Luis Alejandro"]
[Result "0-1"]
[WhiteElo "1626"]
[BlackElo "1829"]
[PlyCount "152"]
[EventDate "2013.08.02"]
[EventType "swiss"]
[EventRounds "7"]
[EventCountry "ESP"]
[SourceTitle "EXT 2014"]
[Source "ChessBase"]
[SourceDate "2013.11.20"]
[SourceVersion "1"]
[SourceVersionDate "2013.11.20"]
[SourceQuality "1"]

1. d4 Nf6 2. c4 g6 3. Nc3 Bg7 4. e4 d6 5. Be2 0-0 6. Be3 Nbd7 7. Nf3 Ng4 8. Bg5 h6 9. Bf4 c6 10. h3 Ngf6 11. Qd2 Kh7 12. 0-0 Qe8 13. Rad1 e5 14. Be3 exd4 15. Nxd4 Nxe4 16. Nxe4 Qxe4 17. Bf3 Qe5 18. Rfe1 Nb6 19. b3 Qf6 20. Ne2 Rd8 21. Bd4 Qg5 22. Ng3 Bxd4 23. Qxd4 d5 24. c5 Nd7 25. Re3 Qf6 26. Qxf6 Nxf6 27. Re7 Kg7 28. Rde1 Rb8 29. Ne2 Rd7 30. Nf4 Rxe7 31. Rxe7 Kf8 32. Re1 Bd7 33. Bd1 Re8 34. Rf1 Ne4 35. Kh2 Nxc5 36. Bc2 Ne6 37. Nd3 Nd4 38. Bb1 Bf5 39. Rd1 Ne2 40. g4 Be4 41. Rf1 Nc3 42. Bc2 Bxd3 43. Bxd3 Nxa2 44. Ra1 Nb4 45. Bf1 a6 46. Rd1 b5 47. Rd4 c5 48. Rf4 d4 49. Rf3 Re1 50. Kg2 Ke7 51. h4 Nd5 52. Bd3 g5 53. hxg5 hxg5 54. Kh2 Nf4 55. Bf5 Kd6 56. Bh7 c4 57. bxc4 bxc4 58. Ra3 Re6 59. Rxa6+ Kc5 60. Ra5+ Kb4 61. Rxg5 Rh6+ 62. Kg3 Ne6 63. Rh5 Rxh5 64. gxh5 d3 65. Be4 d2 66. Bc2 Nd4 67. Bd1 c3 68. h6 Nf5+ 69. Kf3 Nxh6 70. Ke2 Nf5 71. Kd3 Nd6 72. Kc2 Ne4 73. f4 Nd6 74. Bh5 Nc4 75. Be2 Ne3+ 76. Kb1 c2+ 0-1

[Event "Valladolid Piolin op"]
[Site "Valladolid"]
[Date "2013.05.05"]
[Round "9"]
[White "Ampudia Asensio, Jose Luis"]
[Black "Manchon Estevez, Pascual Arturo"]
[Result "1-0"]
[WhiteElo "1686"]
[BlackElo "1632"]
[PlyCount "125"]
[EventDate "2013.03.10"]
[EventType "swiss"]
[EventRounds "11"]
[EventCountry "ESP"]
[SourceTitle "EXT 2014"]
[Source "ChessBase"]
[SourceDate "2013.11.20"]
[SourceVersion "1"]
[SourceVersionDate "2013.11.20"]
[SourceQuality "1"]

1. d4 d5 2. Nf3 e6 3. c4 dxc4 4. g3 Be7 5. Bg2 Nf6 6. 0-0 0-0 7. Ne5 c5 8. dxc5 Bxc5 9. Nxc4 Qc7 10. Bg5 Rd8 11. Qb3 Be7 12. Nc3 a6 13. Rac1 Nc6 14. Qb6 Qxb6 15. Nxb6 Rb8 16. Rfd1 h6 17. Rxd8+ Bxd8 18. Bxf6 Bxb6 19. Bxc6 bxc6 20. Be5 Rb7 21. Ne4 f6 22. Bf4 e5 23. Bd2 Rc7 24. Bb4 Bb7 25. Bc5 Bxc5 26. Nxc5 Bc8 27. Rc3 Kf7 28. Ra3 Ra7 29. Kg2 Ke7 30. Rd3 a5 31. Kf3 a4 32. Ra3 Ra5 33. b4 Ra7 34. Rxa4 Rc7 35. Ke4 g6 36. Ra3 Bf5+ 37. Ke3 Bb1 38. Ra8 f5 39. a3 Ba2 40. Rh8 h5 41. Nd3 Kf6 42. Re8 e4 43. Nc5 Ra7 44. a4 Bc4 45. h4 Kf7 46. Rh8 Kg7 47. Rc8 Bd5 48. a5 Kf6 49. Kf4 Rg7 50. a6 g5+ 51. hxg5+ Rxg5 52. a7 Rg4+ 53. Ke3 f4+ 54. gxf4 Rh4 55. a8Q Rh3+ 56. Kd2 e3+ 57. fxe3 Rh2 58. Qa1+ Kf5 59. Qe5+ Kg4 60. f5 Rf2 61. e4 Bc4 62. Rg8+ Bxg8 63. Qg7+ 1-0

[Event "Valladolid Piolin op"]
[Site "Valladolid"]
[Date "2013.04.07"]
[Round "5"]
[White "Manchon Estevez, Pascual Arturo"]
[Black "Martin De Aguilera del Amo, Jaim"]
[Result "0-1"]
[WhiteElo "1632"]
[BlackElo "1693"]
[PlyCount "96"]
[EventDate "2013.03.10"]
[EventType "swiss"]
[EventRounds "11"]
[EventCountry "ESP"]
[SourceTitle "EXT 2014"]
[Source "ChessBase"]
[SourceDate "2013.11.20"]
[SourceVersion "1"]
[SourceVersionDate "2013.11.20"]
[SourceQuality "1"]

1. e4 e5 2. Nf3 Nc6 3. Nc3 Nf6 4. d4 exd4 5. Nxd4 d6 6. Be3 Bd7 7. Qd2 Be7 8. Be2 a6 9. h3 0-0 10. 0-0-0 b5 11. Bf3 Ne5 12. Nd5 Nxd5 13. exd5 Nc4 14. Qd3 Nxe3 15. fxe3 Re8 16. Rde1 Bf6 17. Nc6 Qc8 18. Rhf1 Bf5 19. e4 Bg6 20. Bg4 Qb7 21. Bf5 Qb6 22. Bxg6 hxg6 23. Rf3 Qc5 24. g4 b4 25. Kd1 a5 26. Rh1 Bxb2 27. g5 a4 28. Ke2 b3 29. axb3 axb3 30. Qxb3 Rxe4+ 31. Re3 Rxe3+ 32. Qxe3 Qxc2+ 33. Kf3 Qf5+ 34. Kg2 Qxd5+ 35. Qf3 Qxg5+ 36. Qg3 Bf6 37. Rf1 Ra2+ 38. Rf2 Qxg3+ 39. Kxg3 Bh4+ 40. Kxh4 Rxf2 41. Kg3 Rd2 42. h4 Kf8 43. Kf4 Ke8 44. Na5 Rd4+ 45. Kg3 Kd7 46. Nb7 Rd5 47. Kf4 Rb5 48. Nxd6 cxd6 0-1

[Event "Valladolid Piolin CC op 5th"]
[Site "Valladolid"]
[Date "2012.08.16"]
[Round "4"]
[White "Manchon Estevez, Pascual Arturo"]
[Black "Torralbo Asagra, Jaime Andres"]
[Result "0-1"]
[WhiteElo "1721"]
[BlackElo "1734"]
[PlyCount "112"]
[EventDate "2012.08.06"]
[EventType "swiss"]
[EventRounds "8"]
[EventCountry "ESP"]
[SourceTitle "EXT 2014"]
[Source "ChessBase"]
[SourceDate "2013.11.20"]
[SourceVersion "1"]
[SourceVersionDate "2013.11.20"]
[SourceQuality "1"]

1. d4 e6 2. c4 Nf6 3. Nc3 b6 4. Bg5 Be7 5. Nf3 Bb7 6. e3 0-0 7. Be2 d6 8. Qc2 Nbd7 9. 0-0 c6 10. Rad1 Qc7 11. Bf4 Nh5 12. Bg5 Nhf6 13. h3 Rfe8 14. a3 a6 15. Bf4 e5 16. dxe5 dxe5 17. Bh2 Bd6 18. e4 Rad8 19. b4 Nf8 20. Rd2 Ng6 21. Rfd1 Nf4 22. Bf1 Bc8 23. Na4 c5 24. bxc5 bxc5 25. Nc3 Ne6 26. Nd5 Nxd5 27. Rxd5 Bb7 28. R5d2 Nd4 29. Nxd4 exd4 30. Bxd6 Qxd6 31. f3 Qf4 32. Qb3 Rb8 33. Qc2 Qe3+ 34. Kh1 Qxa3 35. Rd3 Qa5 36. Rb3 Bc6 37. Rxb8 Rxb8 38. Rb1 Qc7 39. Bd3 g6 40. Rf1 Rb4 41. Qe2 Qb7 42. Rd1 a5 43. f4 Rb2 44. Qg4 Bxe4 45. Bxe4 Qxe4 46. h4 a4 47. h5 Kg7 48. h6+ Kxh6 49. Qh3+ Kg7 50. Qg3 a3 51. Re1 Rb1 52. Rg1 a2 53. Qg5 Rxg1+ 54. Kxg1 a1Q+ 55. Kh2 Qf5 56. Qh4 Qh5 0-1

[Event "Valladolid Piolin CC op 5th"]
[Site "Valladolid"]
[Date "2012.08.09"]
[Round "2"]
[White "Manchon Estevez, Pascual Arturo"]
[Black "Fernandez de la Fuente, Jose Antonio"]
[Result "0-1"]
[WhiteElo "1721"]
[BlackElo "1746"]
[PlyCount "64"]
[EventDate "2012.08.06"]
[EventType "swiss"]
[EventRounds "8"]
[EventCountry "ESP"]
[SourceTitle "EXT 2014"]
[Source "ChessBase"]
[SourceDate "2013.11.20"]
[SourceVersion "1"]
[SourceVersionDate "2013.11.20"]
[SourceQuality "1"]

1. d4 Nf6 2. c4 c6 3. Nc3 e6 4. a3 d5 5. Bg5 Nbd7 6. e4 dxe4 7. Nxe4 Be7 8. Nxf6+ Nxf6 9. Bf4 0-0 10. Nf3 b6 11. b4 c5 12. bxc5 bxc5 13. Be2 Bb7 14. 0-0 Rc8 15. Rb1 Bxf3 16. Bxf3 cxd4 17. Rb7 Bc5 18. Qb3 Qa5 19. Rd1 Qxa3 20. Qxa3 Bxa3 21. Rxa7 Bc5 22. Be5 Bxa7 23. Be2 Rfd8 24. h3 Ne4 25. Bf3 Nc3 26. Ra1 Bc5 27. g4 f6 28. Bf4 e5 29. Bg3 e4 30. Bg2 d3 31. Bf1 Ne2+ 32. Bxe2 dxe2 0-1

[Event "Valladolid Aficionados op 3rd"]
[Site "Valladolid"]
[Date "2012.08.04"]
[Round "5"]
[White "Santos Martinez, Guillermo"]
[Black "Manchon Estevez, Pascual Arturo"]
[Result "1-0"]
[WhiteElo "1666"]
[BlackElo "1721"]
[PlyCount "99"]
[EventDate "2012.08.03"]
[EventType "swiss"]
[EventRounds "7"]
[EventCountry "ESP"]
[SourceTitle "EXT 2014"]
[Source "ChessBase"]
[SourceDate "2013.11.20"]
[SourceVersion "1"]
[SourceVersionDate "2013.11.20"]
[SourceQuality "1"]

1. e4 e6 2. d4 d6 3. Nf3 Nf6 4. Nc3 Be7 5. Be3 Nc6 6. Bb5 Bd7 7. Qd2 a6 8. Bd3 b5 9. 0-0-0 b4 10. Ne2 a5 11. e5 Nd5 12. Be4 Nxe3 13. Qxe3 d5 14. Bd3 h6 15. Kb1 a4 16. Nd2 Qb8 17. Qg3 g5 18. f4 Qb6 19. fxg5 hxg5 20. Nf3 Rg8 21. h4 b3 22. Nxg5 Nxd4 23. Nxd4 Qxd4 24. Bh7 Qc4 25. Qf2 bxa2+ 26. Ka1 Rf8 27. Rd4 Qb5 28. Rf4 Rb8 29. c3 Bc5 30. Qc2 a3 31. b4 Be3 32. Rf3 d4 33. Rxf7 Qxe5 34. Rxf8+ Kxf8 35. Rf1+ Ke7 36. Rf7+ Kd6 37. Ne4+ Kc6 38. cxd4+ Kb7 39. dxe5 Bd4+ 40. Kxa2 Bc6 41. Nd6+ Kb6 42. Nc4+ Kb7 43. Na5+ Ka6 44. Qxc6+ Rb6 45. Qc4+ Ka7 46. Rxc7+ Kb8 47. Rc8+ Ka7 48. Qc7+ Ka6 49. Bd3+ Rb5 50. Qb7# 1-0

[Event "Valladolid op"]
[Site "Valladolid"]
[Date "2012.03.22"]
[Round "6"]
[White "Manchon Estevez, Pascual Arturo"]
[Black "San Jose Calderon, Manuel"]
[Result "1/2-1/2"]
[WhiteElo "1734"]
[BlackElo "1626"]
[PlyCount "117"]
[EventDate "2012.02.16"]
[EventType "swiss"]
[EventRounds "7"]
[EventCountry "ESP"]
[SourceTitle "EXT 2014"]
[Source "ChessBase"]
[SourceDate "2013.11.20"]
[SourceVersion "1"]
[SourceVersionDate "2013.11.20"]
[SourceQuality "1"]

1. d4 d5 2. c4 e6 3. Nc3 Nf6 4. Bg5 Nc6 5. e4 Be7 6. exd5 exd5 7. Nf3 0-0 8. Be2 h6 9. Bf4 Bb4 10. Bd2 dxc4 11. a3 Bxc3 12. Bxc3 b5 13. 0-0 Bg4 14. Rc1 Rb8 15. h3 Bh5 16. Nh2 Bxe2 17. Qxe2 Re8 18. Qd1 Qd5 19. Rc2 Rbd8 20. Nf3 Re6 21. Re1 Ne4 22. Rce2 Rde8 23. Qc2 Nxc3 24. bxc3 Rxe2 25. Rxe2 Rxe2 26. Qxe2 Kf8 27. Nd2 f5 28. Qe3 Kf7 29. Qf4 Qd7 30. Ne4 Kg8 31. Nc5 Qf7 32. Na6 Ne7 33. Nxc7 Nd5 34. Nxd5 Qxd5 35. Qb8+ Kh7 36. Qxa7 Kg8 37. Qa5 Qc6 38. Qa7 Qd5 39. Qe7 Qc6 40. Qe5 Qd7 41. d5 Kf7 42. f4 g6 43. Kh2 Qe7 44. d6 Qd7 45. Kg3 Qe8 46. Kh2 Qd7 47. h4 h5 48. Qd5+ Kf6 49. Qc5 Ke6 50. Qe5+ Kf7 51. Kg3 Qe8 52. Kf2 Qd7 53. Ke3 Qa7+ 54. Qd4 Qxa3 55. Qd5+ Kf8 56. Qd4 Qc1+ 57. Kf3 Qf1+ 58. Kg3 Qe1+ 59. Kh2 1/2-1/2